Kösener Corps - Statistiken

Allgemein
  • Dieses Quiz wurde 7 mal gespielt
  • Das Durchschnittsergebnis liegt bei 26 aus 103
Antwortstatistiken
Corps % Korrekt
Schacht Leoben
67%
Athesia Innsbruck
50%
Bavaria Erlangen
50%
Bavaria Würzburg
50%
Franconia Würzburg
50%
Joannea Graz
50%
Makaria München
50%
Moenania Würzburg
50%
Palaiomarchia Halle
50%
Palaiomarchia-Masovia
50%
Palatia-Guestphalia
50%
Rhenania Würzburg
50%
Vandalia Graz
50%
Albertina Hamburg
33%
Arminia München
33%
Austria
33%
Bavaria München
33%
Borussia Berlin
33%
Borussia Bonn
33%
Borussia Greifswald
33%
Borussia Halle
33%
Erz Leoben
33%
Frankonia Prag zu Saarbrücken
33%
Guestphalia Bonn
33%
Guestphalia Greifswald
33%
Hasso-Nassovia Marburg
33%
Holsatia Kiel
33%
Lusatia Leipzig
33%
Makaria-Guestphalia Würzburg
33%
Marchia Berlin
33%
Montania Leoben
33%
Nassovia Würzburg
33%
Rhaetia-Innsbruck zu Augsburg
33%
Rhenania Freiburg
33%
Rhenania Heidelberg
33%
Saxonia Göttingen
33%
Saxonia Kiel
33%
Saxonia Leipzig
33%
Thuringia Leipzig
33%
Alemannia Wien zu Linz
17%
Baruthia Erlangen
17%
Borussia Breslau zu Köln und Aachen
17%
Borussia Tübingen
17%
Brunsviga Göttingen
17%
Budissa-Leipzig zu Passau
17%
Concordia Rigensis
17%
Curonia Goettingensis
17%
Franconia-Jena zu Regensburg
17%
Franconia München
17%
Franconia Tübingen
17%
Frankonia-Brünn zu Salzburg
17%
Gothia Innsbruck
17%
Guestphalia Berlin
17%
Guestphalia Erlangen
17%
Guestphalia et Suevoborussia Marburg
17%
Guestphalia Halle
17%
Hannovera Göttingen
17%
Hansea Bonn
17%
Hansea Köln
17%
Hassia-Gießen zu Mainz
17%
Hasso-Borussia Freiburg
17%
Hellas Wien
17%
Hildeso-Guestphalia Göttingen
17%
Hubertia Freiburg
17%
Hubertia München
17%
Isaria München
17%
Marchia Brünn
17%
Masovia Königsberg zu Potsdam
17%
Neoborussia-Berlin zu Bochum
17%
Normannia Berlin
17%
Normannia-Halle
17%
Onoldia Erlangen
17%
Palatia München
17%
Pomerania Greifswald
17%
Rhenania Bonn
17%
Rhenania-Brunsviga Erlangen
17%
Rhenania Tübingen
17%
Rheno-Guestphalia
17%
Rheno-Palatia München
17%
Saxo-Borussia Heidelberg
17%
Saxonia Bonn
17%
Saxonia Jena
17%
Saxonia Konstanz
17%
Saxonia Wien
17%
Silesia Breslau zu Frankfurt (Oder)
17%
Silvania Tharandt zu Dresden
17%
Starkenburgia Gießen
17%
Suevia Freiburg
17%
Suevia Heidelberg
17%
Suevia München
17%
Suevia-Straßburg zu Oldenburg
17%
Teutonia Gießen
17%
Teutonia zu Graz
17%
Teutonia zu Marburg
17%
Thuringia Jena
17%
Tigurinia Zürich
17%
Transrhenania München
17%
Vandalia Rostock
17%
Vandalia-Teutonia Berlin
17%
Visigothia Rostock
17%
Flaminea Löwen
0%
Nassovia Budapest
0%
Teutonia-Hercynia Göttingen
0%
Keine übereinstimmenden Quizze gefunden
Verteilung der Resultate
Anzahl Personen mit jedem Resultat
Perzentil nach korrekt beantworteten Fragen
Ihre Resultats-Entwicklung
Sie haben dieses Quiz noch nicht gespielt